000 00628nam a2200217Ia 4500
008 191130s1984##################000#0#eng##
020 _a0521247853
022 _a83023938
040 _aACL
_cACL
082 _a302.2 STR
100 _aStreet, Brian V
245 _aLiteracy in theory and practice
_cBrian V. Street
260 _aCambridge
_bCambridge University Press
_c1984
300 _axi, 243 p. ; 24 cm
500 _aIncludes index. Bibliography: p. 233-239
650 _aLiteracy
650 _aLiteracy - Iran - Case studies
990 _a774918c6ac10000c29a45b8cba432c4f
991 _a29853
999 _c233834
_d233834